[Event "4th d'Ille-et-Vilain Open"]
[Site "Rennes FRA"]
[Date "2011.07.20"]
[Round "6.4"]
[White "Le Marec,S"]
[Black "Barbot,Pi1"]
[Result "1/2-1/2"]
[WhiteElo "2108"]
[BlackElo "2232"]

1.e4 c5 2.Nf3 Nc6 3.d4 cxd4 4.Nxd4 Nf6 5.Nc3 d6 6.Bg5 e6 7.Qd2 a6 8.O-O-O Bd7
9.f4 b5 10.Bxf6 gxf6 11.Nxc6 Bxc6 12.Qe3 Be7 13.f5 Qa5 14.Kb1 b4 15.Ne2 Qe5
16.Ng3 h5 17.Qb6 Qc5 18.Qxc5 dxc5 19.h4 Bd8 20.Be2 Bc7 21.Nxh5 Ke7 22.Rhf1 Be5
23.fxe6 fxe6 24.Nf4 Rag8 25.h5 Bxe4 26.g4 Bxf4 27.Rxf4 Bd5 28.Rdf1 Rh6 29.Bc4 Bxc4
30.Rxc4 Rg5 31.a3 a5 32.Ka2 Rh8 33.Rcf4 Rf8 34.Rh1 e5 35.Rc4 Kd6 36.axb4 axb4
37.Kb3 Rfg8 38.Ra1 Rxg4 39.Ra6+ Kd5 40.Rxg4 Rxg4 41.Rxf6 Rh4 42.Rh6 e4 43.Rh8 e3
44.h6 e2 45.Re8 Rxh6  1/2-1/2

[Event "III Corporation Cup A"]
[Site "Izhevsk RUS"]
[Date "2011.07.21"]
[Round "6"]
[White "Lastin,A"]
[Black "Lepkasov,V"]
[Result "1-0"]
[WhiteElo "2611"]
[BlackElo "2173"]

1.e4 c5 2.Nf3 d6 3.d4 cxd4 4.Nxd4 Nf6 5.Nc3 Nc6 6.Bg5 e6 7.Qd2 Bd7 8.O-O-O a6
9.f3 h6 10.Be3 h5 11.Kb1 b5 12.Bd3 Be7 13.h3 h4 14.f4 Nh5 15.Rhe1 Nxd4 16.Bxd4 Qc7
17.e5 d5 18.f5 O-O-O 19.a4 Bb4 20.axb5 axb5 21.fxe6 fxe6 22.Rf1 Bc6 23.Nxb5 Qa5
24.c3 Bxb5 25.cxb4 Qa6 26.Bxb5 Qxb5 27.Rf7 Rd7 28.Rc1+ Kb8 29.Rc5 Qb7 30.Rxd7 Qxd7
31.Qd3 Rc8 32.Rb5+ Kc7 33.Bb6+ Kc6 34.Ba5 Qa7 35.Rc5+ Kd7 36.Qb5+  1-0

[Event "4th Paleohora Open"]
[Site "Paleochora GRE"]
[Date "2011.07.21"]
[Round "3"]
[White "Kazakos,E"]
[Black "Ashwin,J"]
[Result "1/2-1/2"]
[WhiteElo "2105"]
[BlackElo "2449"]

1.e4 c5 2.Nf3 d6 3.d4 cxd4 4.Nxd4 Nf6 5.Nc3 Nc6 6.Bg5 e6 7.Qd2 a6 8.O-O-O Be7
9.f4 Bd7 10.Nf3 b5 11.Bxf6 gxf6 12.Kb1 Qb6 13.f5 O-O-O 14.g3 Kb8 15.fxe6 fxe6
16.Bh3 Rhe8 17.Qe1 Bf8 18.Ne2 Bc8 19.Nf4 Bg7 20.Rf1 Re7 21.Nh5 Bh8 22.Qf2 Qc5
23.Qxc5 dxc5 24.Rxd8 Nxd8 25.c3 Nf7 26.Nd2 Ng5 27.Bg2 f5 28.exf5 exf5 29.Nf4 Re8
30.Kc2 Kc7 31.Nf3 Ne4 32.Nh4 Rd8 33.Rd1 Rxd1 34.Kxd1 Kd6 35.Ke2 b4 36.cxb4 cxb4
37.Nd3 Nc5 38.Nxc5 Kxc5 39.b3 Bf6 40.Nf3 a5 41.Bh3 Be6 42.Kd3 h6 43.Nd2 Bd7
44.Nc4 a4 45.Ne3 Bb5+ 46.Nc4 Bxc4+ 47.bxc4 b3 48.a3 Bb2 49.Bxf5 Bxa3 50.Kc3 Bb4+
51.Kb2 Kxc4 52.Be6+ Kb5 53.Bxb3 axb3 54.Kxb3 Kc5 55.g4 Ba5 56.h4 Kd5 57.Kc2 Ke5
58.Kd3 Bb6 59.g5 h5 60.g6 Kf6 61.Ke4 Kxg6 62.Kf3 Kf5 63.Kg2 Bd8 64.Kh1 Bxh4
65.Kg2 Bd8 66.Kh3 h4 67.Kg2 Bc7 68.Kh1 h3 69.Kg1 Kf6 70.Kh1  1/2-1/2

[Event "Najdorf Memorial"]
[Site "Warsaw POL"]
[Date "2011.07.21"]
[Round "7"]
[White "Duda,J"]
[Black "Wieczorek,O"]
[Result "1/2-1/2"]
[WhiteElo "2274"]
[BlackElo "2374"]

1.e4 c5 2.Nf3 d6 3.d4 cxd4 4.Nxd4 Nf6 5.Nc3 Nc6 6.Bg5 Bd7 7.Qd2 Rc8 8.O-O-O Nxd4
9.Qxd4 Qa5 10.Bxf6 gxf6 11.Kb1 Rg8 12.f4 Bg7 13.f5 Qc5 14.Qd2 h5 15.Bd3 Qe5
16.Nd5 e6 17.Rhe1 Bc6 18.Qb4 Kf8 19.fxe6 fxe6 20.Ne3 a5 21.Qa3 Bh6 22.Bc4 Bxe3
23.Qxe3 Ke7 24.g3 Bd7 25.Bf1 Rcd8 26.Qf2 Bc6 27.Bh3 Rg5 28.Qe3 Qc5 29.e5 Qxe3
30.exf6+ Kxf6 31.Rxe3 e5 32.Re2 e4 33.Rf2+ Ke5 34.Rdf1 Bd7 35.Bxd7 Rxd7 36.Rf4 d5
37.c3 Re7 38.Kc2 b5 39.Kd2 b4 40.Rf6 bxc3+ 41.bxc3 d4 42.cxd4+ Kxd4 43.R1f5 Rxf5
44.Rxf5 Rb7 45.Rxa5 Rb2+ 46.Ke1 Rb1+ 47.Ke2 Rb2+ 48.Ke1 Rxh2 49.Ra4+ Ke3
50.Ra3+ Kd4 51.Ra4+ Ke5  1/2-1/2

[Event "Najdorf Memorial"]
[Site "Warsaw POL"]
[Date "2011.07.22"]
[Round "9.40"]
[White "Nowicki,B"]
[Black "Wisniowska,K"]
[Result "1/2-1/2"]
[WhiteElo "2134"]
[BlackElo "2037"]

1.e4 c5 2.Nf3 d6 3.d4 cxd4 4.Nxd4 Nf6 5.Nc3 Nc6 6.Bg5 Bd7 7.Qd2 Rc8 8.O-O-O Nxd4
9.Qxd4 Qa5 10.Bxf6 gxf6 11.Kb1 Qc5 12.Qd2 b5 13.f4 Bh6 14.Nd5 a5 15.Be2 b4
16.g4 Ba4 17.b3 Bc6 18.Bc4 Bg7 19.Rhe1 e6 20.f5 Bxd5 21.exd5 e5 22.g5 h6
23.h4 hxg5 24.hxg5 Ke7 25.g6 Rh5 26.gxf7 Rch8 27.Rg1 Kxf7 28.Be2 Rh2 29.Qd3 Bh6
30.Qa6 Qc7 31.Bc4 Be3 32.Qc6 Rc8 33.Rh1 Rxh1 34.Rxh1 Kg8 35.Qa6  1/2-1/2

[Event "Najdorf Memorial"]
[Site "Warsaw POL"]
[Date "2011.07.22"]
[Round "9.25"]
[White "Lach,A"]
[Black "Hoffmann,Pau"]
[Result "1-0"]
[WhiteElo "2154"]
[BlackElo "2329"]

1.e4 c5 2.Nf3 d6 3.d4 cxd4 4.Nxd4 Nf6 5.Nc3 Nc6 6.Bg5 Qb6 7.Nb3 e6 8.Qd2 a6
9.Bxf6 gxf6 10.O-O-O Bd7 11.f4 O-O-O 12.Be2 h5 13.Rhf1 Be7 14.Rf3 Rdg8 15.Bf1 h4
16.Rh3 Kb8 17.Kb1 Rg4 18.g3 Bc8 19.Qe2 f5 20.Bg2 Rhg8 21.Bf3 R4g7 22.exf5 hxg3
23.hxg3 Rxg3 24.Rxg3 Rxg3 25.Ne4 Rg1 26.f6 Bd8 27.Nxd6 Bxf6 28.Bxc6 Rxd1+
29.Qxd1 Qxc6 30.Nxf7 Be7 31.a3 Qe4 32.Qd2 Qh7 33.Ne5 Bh4 34.Qh2 Qh5 35.Ka2 b6
36.Qh3 Bb7 37.Qxe6 Bf2 38.Qg8+ Ka7 39.Nd7 a5 40.Qb8+ Ka6 41.Qe5 Qd1 42.Qc7 Ka7
43.Ne5 a4 44.Nc6+ Ka6 45.Nb4+ Ka7 46.Na5  1-0

[Event "III Corporation Cup A"]
[Site "Izhevsk RUS"]
[Date "2011.07.23"]
[Round "8"]
[White "Aitbayev,A"]
[Black "Smirnov,Alexey"]
[Result "1/2-1/2"]
[WhiteElo "2346"]
[BlackElo "2415"]

1.e4 c5 2.Nf3 d6 3.d4 cxd4 4.Nxd4 Nf6 5.Nc3 Nc6 6.Bg5 e6 7.Qd2 Be7 8.O-O-O Nxd4
9.Qxd4 a6 10.f3 b5 11.h4 Bb7 12.Qd2 Rc8 13.Bd3 O-O 14.Ne2 Nd7 15.Kb1 Ne5
16.Bf4 Qb6 17.h5 Rfd8 18.Rh3 Nxd3 19.cxd3 e5 20.Be3 Qc7 21.Rc1 Qd7 22.Rxc8 Rxc8
23.Ng3 d5 24.Nf5 Bf8 25.Rg3 g6 26.Bh6 dxe4 27.fxe4 Qc6 28.a3 Qc5 29.Bxf8 Kxf8
30.hxg6 hxg6 31.Nh6 Qg1+ 32.Ka2 Rc1 33.Rf3 Bc8 34.Rxf7+ Ke8 35.Rf6 a5 36.Qxa5 Ra1+
37.Kb3 Qd1+ 38.Kb4 Qd2+ 39.Kxb5 Qxd3+ 40.Kb4 Qd2+ 41.Kb5 Qd3+ 42.Kb4 Qd2+
43.Kb5 Qxh6 44.Qc7 Bd7+ 45.Ka6 Rc1 46.Qxe5+ Kd8 47.Qd5 Qh5 48.e5 Qe2+ 49.Ka5 Qd1
50.Qa8+ Rc8 51.Rf8+ Ke7 52.Rxc8 Qa4+ 53.Kb6 Qb5+ 54.Ka7 Qa5+ 55.Kb7 Qxe5
56.Rc3 Qb5+ 57.Ka7 Qa5+ 58.Kb7 Qb5+ 59.Kc7 Qe5+ 60.Kb6 Qb5+ 61.Kc7 Qe5+  1/2-1/2

[Event "Poznan Summer Open"]
[Site "Poznan POL"]
[Date "2011.07.23"]
[Round "8.10"]
[White "Szelag,M"]
[Black "Warchol,M"]
[Result "1-0"]
[WhiteElo "2478"]
[BlackElo "1820"]

1.e4 c5 2.Nf3 Nc6 3.d4 cxd4 4.Nxd4 d6 5.Nc3 Nf6 6.Bg5 e6 7.Qd2 a6 8.O-O-O Nxd4
9.Qxd4 Be7 10.f4 O-O 11.Be2 b5 12.e5 dxe5 13.Qxd8 Bxd8 14.Bf3 e4 15.Nxe4 Nd5
16.Nc5 Bxg5 17.fxg5 Rd8 18.Rd4 Ra7 19.Rhd1 Bb7 20.Nxb7 Rxb7 21.a4 Kf8 22.Bxd5 Rbd7
23.axb5 axb5 24.R1d3 Ke7 25.Kd2 Rxd5 26.Rxd5 exd5 27.Rh3 Rh8 28.Kc3 Ke6 29.Kb4 Kf5
30.Rf3+ Kxg5 31.Rxf7 Kg6 32.Rf2  1-0

[Event "4th Paleohora Open"]
[Site "Paleochora GRE"]
[Date "2011.07.25"]
[Round "7"]
[White "Sandalakis,A"]
[Black "Katzourakis,P"]
[Result "1-0"]
[WhiteElo "2383"]
[BlackElo "2137"]

1.e4 c5 2.Nf3 d6 3.d4 cxd4 4.Nxd4 Nf6 5.Nc3 Nc6 6.Bg5 e6 7.Qd2 a6 8.f3 Be7
9.O-O-O O-O 10.h4 Nxd4 11.Qxd4 b5 12.Kb1 Bb7 13.g4 Rc8 14.Be3 Qc7 15.g5 Nh5
16.Bh3 Ng3 17.Rhe1 b4 18.Qxb4 d5 19.Qb6 Qxb6 20.Bxb6 dxe4 21.Rd7  1-0

[Event "15th Godesburg Open"]
[Site "Bad Godesberg GER"]
[Date "2011.07.27"]
[Round "5.1"]
[White "Balcerak,J"]
[Black "Boidman,Y"]
[Result "1-0"]
[WhiteElo "2441"]
[BlackElo "2444"]

1.e4 c5 2.Nf3 d6 3.d4 Nf6 4.Nc3 cxd4 5.Nxd4 Nc6 6.Bg5 e6 7.Qd2 a6 8.O-O-O Bd7
9.f3 Be7 10.h4 b5 11.Nxc6 Bxc6 12.Ne2 d5 13.Nd4 Bb7 14.e5 Nd7 15.f4 Nc5 16.Qe3 Ne4
17.Bd3 Qc7 18.Bxe7 Qxe7 19.f5 O-O-O 20.fxe6 fxe6 21.Bxe4 dxe4 22.Qc3+ Kb8
23.Nc6+ Bxc6 24.Qxc6 Qb7 25.Qxe6 Rhe8 26.Rxd8+ Rxd8 27.Rd1 Rxd1+ 28.Kxd1 Ka7
29.Qd6 e3 30.Qd4+ Kb8 31.Qd8+ Ka7 32.Qd4+ Kb8 33.Qxe3 Qxg2 34.Qb6+ Qb7 35.Qxb7+ Kxb7
36.b4 Kc6 37.c4 bxc4 38.a4 Kd5 39.b5 a5  1-0

[Event "112th US Open"]
[Site "Orlando USA"]
[Date "2011.08.03"]
[Round "3"]
[White "Vibbert,Sean"]
[Black "Gurevich,D"]
[Result "1/2-1/2"]
[WhiteElo "2159"]
[BlackElo "2479"]

1.e4 c5 2.Nf3 d6 3.d4 cxd4 4.Nxd4 Nf6 5.Nc3 Nc6 6.Bg5 e6 7.Qd2 Be7 8.O-O-O O-O
9.f4 h6 10.h4 Nxd4 11.Qxd4 hxg5 12.hxg5 Ng4 13.Be2 e5 14.Qg1 exf4 15.Bxg4 Bxg5
16.Bf3 Re8 17.Qh2 Bh6 18.Kb1 Re5 19.Nd5 Bd7 20.Nxf4 Bc6 21.Nd3 Re6 22.Nf4 Re5
23.Nd3 Re6 24.Nf4 Re8 25.Nh5 Re6  1/2-1/2

[Event "112th US Open"]
[Site "Orlando USA"]
[Date "2011.08.04"]
[Round "3"]
[White "Shvartsman,A"]
[Black "Gurevich,D"]
[Result "1/2-1/2"]
[WhiteElo "2209"]
[BlackElo "2479"]

1.e4 c5 2.Nf3 d6 3.d4 cxd4 4.Nxd4 Nf6 5.Nc3 Nc6 6.Bg5 e6 7.Qd2 Be7 8.O-O-O O-O
9.f3 Nxd4 10.Qxd4 a6 11.h4 b5 12.g4 Bb7 13.Be3 Rc8 14.g5 Nd7 15.f4 Qa5 16.Kb1 b4
17.Ne2 Qc5 18.Rd2 Qxd4 19.Rxd4 Nc5 20.Bg2 a5 21.Ng3 f5 22.gxf6 Rxf6 23.h5 Rcf8
24.Rg1 Rxf4 25.Bxf4 Rxf4 26.Ne2 Rf2 27.Nc1 e5 28.Rdd1 Nxe4 29.Nd3 Rf5 30.Rge1 Nc3+
31.bxc3 Bxg2 32.cxb4 axb4 33.Nxb4 Rxh5 34.Nd5 Bh4 35.Rg1 Bf3 36.Rd2 Bg5 37.Rd3 Be4
38.Rdd1 Bf3 39.Rd3 e4 40.Rb3 h6 41.a4 Bh4 42.Rb7 Rg5 43.Rxg5 Bxg5 44.a5 e3
45.Rb8+ Kh7 46.Nxe3 Bxe3 47.Rb3 Bd2 48.Rxf3 Bxa5 49.Kc1 g5 50.Rf6 Bb4 51.Kd1 Kg7
52.Re6 h5 53.Ke2 h4  1/2-1/2

[Event "FSIMB August"]
[Site "Budapest HUN"]
[Date "2011.08.06"]
[Round "1"]
[White "Brinck Claussen,B"]
[Black "Frigieri,F"]
[Result "1-0"]
[WhiteElo "2276"]
[BlackElo "2148"]

1.e4 c5 2.Nf3 d6 3.d4 cxd4 4.Nxd4 Nf6 5.Nc3 Nc6 6.Bg5 e6 7.Qd2 a6 8.O-O-O h6
9.Nxc6 bxc6 10.Bf4 d5 11.Qe3 Qa5 12.Be2 Bb4 13.Be5 Be7 14.Qg3 O-O 15.Rd4 Ra7
16.Ra4 Qb6 17.exd5 cxd5 18.Bd4 Qb7 19.Be3 Kh8 20.Bxa7 Qxa7 21.Rf1 Rd8 22.Qd3 e5
23.Nd1 Ne4 24.Rxe4 dxe4 25.Qxe4 Qc7 26.Ne3 Qa5 27.Bd3 Rxd3 28.cxd3 Be6 29.a3 Qb5
30.Rd1 Bg5 31.h4 Bf6 32.Rd2 Qb3 33.Rc2 Qa2 34.Nc4 Qa1+ 35.Kd2 Qg1 36.Kc3 g6
37.g3 Bf5 38.Qe3 e4+ 39.d4 Kg7 40.Nd6 Qg2 41.Ne8+  1-0

[Event "20th ZDMI Open A"]
[Site "Dresden GER"]
[Date "2011.08.06"]
[Round "1"]
[White "Tennert,Simon"]
[Black "Das,Arg"]
[Result "1/2-1/2"]
[WhiteElo "2057"]
[BlackElo "2471"]

1.e4 c5 2.Nf3 d6 3.d4 cxd4 4.Nxd4 Nf6 5.Nc3 Nc6 6.Bg5 Qb6 7.Nb3 e6 8.Qd2 Be7
9.f3 O-O 10.O-O-O Rd8 11.Be3 Qc7 12.g4 d5 13.Qg2 dxe4 14.Rxd8+ Qxd8 15.fxe4 Nd7
16.g5 b6 17.Be2 Bb7 18.Rd1 Qc8 19.Kb1 a6 20.Na4 b5 21.Nb6 Nxb6 22.Bxb6 Nb4
23.Bf3 Rb8 24.Ba7 Ra8 25.Bb6 Rb8 26.Ba7 Ra8 27.Bb6 Rb8  1/2-1/2

[Event "112th US Open"]
[Site "Orlando USA"]
[Date "2011.08.06"]
[Round "8"]
[White "Garcia,Gild"]
[Black "Vibbert,Sean"]
[Result "1-0"]
[WhiteElo "2368"]
[BlackElo "2159"]

1.e4 c5 2.Nf3 Nc6 3.d4 cxd4 4.Nxd4 Nf6 5.Nc3 d6 6.Bg5 e6 7.Qd2 Be7 8.O-O-O O-O
9.Nb3 a6 10.f4 b5 11.Bxf6 gxf6 12.f5 Ne5 13.Nd4 Kh8 14.Kb1 Bd7 15.fxe6 fxe6
16.g3 Qa5 17.Bh3 Nc4 18.Qe1 Qb4 19.Nb3 Rac8 20.Nd5 Qxe1 21.Rhxe1 Bd8 22.Nf4 f5
23.exf5 e5 24.Ne6 Bxe6 25.fxe6 Be7 26.Re2 Rf6 27.Nd2 Nxd2+ 28.Rexd2 Kg7 29.Bg2 Rc5
30.Bd5 a5 31.c3 a4 32.Kc2 b4 33.c4 Rf8 34.Re2 Rc7 35.Kd3 Bd8 36.b3 axb3 37.axb3 Ra7
38.Ke4 Bb6 39.Bc6 Bc5 40.Bd7 Kf6 41.Rf1+ Ke7 42.Rxf8 Kxf8 43.Kd5 Ra1 44.Re4 Rd1+
45.Kc6 Rd4 46.Re1 Rd2 47.Ra1 Ke7 48.Ra8 Rf2 49.Rh8 Rxh2 50.Re8+ Kf6 51.Rf8+ Ke7
52.Rf7+  1-0

[Event "FSIMB August"]
[Site "Budapest HUN"]
[Date "2011.08.07"]
[Round "2"]
[White "Franklin,S"]
[Black "Brinck Claussen,B"]
[Result "1/2-1/2"]
[WhiteElo "2188"]
[BlackElo "2276"]

1.e4 c5 2.Nf3 d6 3.d4 cxd4 4.Nxd4 Nf6 5.Nc3 Nc6 6.Bg5 e6 7.Qd2 a6 8.O-O-O Bd7
9.f4 Be7 10.Nf3 b5 11.Bxf6 gxf6 12.f5 Qb6 13.Kb1 O-O-O 14.g3 Kb8 15.fxe6 fxe6
16.Bh3 Bc8 17.Qe1 Rhe8 18.Ne2 Bf8 19.Nf4 Bg7 20.Rf1 Qc5 21.Nd3 Qb6 22.Nf4 Qc5
23.Nd3  1/2-1/2

[Event "20th ZDMI Open A"]
[Site "Dresden GER"]
[Date "2011.08.07"]
[Round "2"]
[White "Lampert,J"]
[Black "Stabolewski,A"]
[Result "0-1"]
[WhiteElo "2164"]
[BlackElo "2270"]

1.e4 c5 2.Nf3 Nc6 3.d4 cxd4 4.Nxd4 Nf6 5.Nc3 d6 6.Bg5 e6 7.Qd2 a6 8.O-O-O Be7
9.f3 Nxd4 10.Qxd4 b5 11.Be3 O-O 12.g4 Bb7 13.Kb1 Nd7 14.g5 Rc8 15.h4 Qc7
16.h5 d5 17.exd5 Bc5 18.Qe4 exd5 19.Nxd5 Bxd5 20.Rxd5 Rfe8 21.Qf5 Rxe3 22.Bxb5 Nb6
23.Bxa6 Rce8 24.Rdd1 Na4 25.g6 fxg6 26.hxg6 h6 27.Bb5 Nb6 28.Bxe8 Rxe8 29.Rhe1 Ra8
30.Qe6+ Kh8 31.Re5  0-1

[Event "20th ZDMI Open A"]
[Site "Dresden GER"]
[Date "2011.08.07"]
[Round "2"]
[White "Glantz,R"]
[Black "Fuchs,Fl"]
[Result "1/2-1/2"]
[WhiteElo "2256"]
[BlackElo "2088"]

1.e4 c5 2.Nf3 d6 3.d4 cxd4 4.Nxd4 Nf6 5.Nc3 Nc6 6.Bg5 e6 7.Qd2 a6 8.O-O-O Bd7
9.f4 Qc7 10.Bxf6 gxf6 11.Be2 h5 12.Kb1 O-O-O 13.Nb3 Ne7 14.Rhf1 f5 15.exf5 Nxf5
16.Nd4 Nxd4 17.Qxd4 Be7 18.f5 Rdg8 19.fxe6 fxe6 20.Bf3 Kb8 21.Rfe1 Bf8 22.Ne2 d5
23.h3 Bg7 24.Qe3 Rc8 25.Qb3 h4 26.Nc1 Rhe8 27.Bg4 Ka8 28.Re3 Qc5 29.Rde1 Rc6
30.Nd3 Qd6 31.Ne5 Rb6 32.Qd3 Rc8 33.Ka1 Rc7 34.c3 Bc8 35.Qd4 Bf6 36.Rf3 Be7
37.Nf7 Qc6 38.Ne5 Qd6 39.Nf7 Qc6 40.Ne5 Qb5 41.Nd3 Rc4 42.Qh8 Ka7 43.Qe5 Bd6
44.Qe2 Bg3 45.Rd1 e5 46.Bxc8 e4 47.Rxg3 hxg3 48.Bf5 exd3 49.Bxd3 Qc5 50.Bxc4 dxc4
51.Qf3 Qf2 52.Rb1 Qxf3 53.gxf3 Rf6 54.Rg1 Rxf3 55.Kb1 Kb6 56.h4 Rf4  1/2-1/2

[Event "20th ZMDI Open A"]
[Site "Dresden GER"]
[Date "2011.08.09"]
[Round "4.8"]
[White "Fier,A"]
[Black "Stabolewski,A"]
[Result "1-0"]
[WhiteElo "2566"]
[BlackElo "2270"]

1.e4 c5 2.Nf3 d6 3.d4 cxd4 4.Nxd4 Nf6 5.Nc3 Nc6 6.Bg5 e6 7.Qd2 a6 8.O-O-O Bd7
9.f4 h6 10.Bh4 Nxe4 11.Qe1 Nf6 12.Nf5 Qa5 13.Nxd6+ Bxd6 14.Rxd6 O-O-O 15.Rd1 e5
16.fxe5 Rhe8 17.Kb1 Rxe5 18.Qf2 Rf5 19.Qg1 Be6 20.Rxd8+ Qxd8 21.Bd3 Rf4 22.Bg3 Rd4
23.Bf2 Rxd3 24.Bb6 Qd7 25.cxd3 Qxd3+ 26.Ka1 Nd5 27.Qc5 Nxb6 28.Rd1 Qc2 29.Qxb6 Qxg2
30.Rg1 Qxh2 31.Rxg7 Qc7 32.Qxc7+ Kxc7 33.Rh7 Ne5 34.Rxh6 Ng4 35.Rh7 Kc6 36.Ne2 Nf6
37.Rh8 Ne4 38.Nd4+ Kd5 39.Rd8+ Ke5 40.Nxe6 fxe6 41.Kb1 Nd6 42.Kc2 Kd5 43.Kc3 e5
44.Rd7 Kc5 45.Re7 Kd5 46.b4 Nb5+ 47.Kd3 Nd6 48.a4 e4+ 49.Kc3 Kc6 50.Re5 Kb6
51.Kd4 Kc6 52.Re6 e3 53.Kxe3 Kd5 54.Rf6 Nc4+ 55.Kd3 Ne5+ 56.Kc3 Nd7 57.Rh6 b6
58.Kb3 a5 59.Kc3 axb4+ 60.Kxb4  1-0

[Event "50th World Juniors"]
[Site "Chennai IND"]
[Date "2011.08.10"]
[Round "8.1"]
[White "Hovhannisyan,R"]
[Black "Rombaldoni,Ax"]
[Result "1-0"]
[WhiteElo "2556"]
[BlackElo "2459"]

1.e4 c5 2.Nf3 d6 3.d4 cxd4 4.Nxd4 Nf6 5.Nc3 Nc6 6.Bg5 e6 7.Qd2 a6 8.O-O-O Nxd4
9.Qxd4 Be7 10.h4 b5 11.e5 dxe5 12.Qxe5 Qb6 13.Ne4 Nxe4 14.Bxe7 Bb7 15.Bb4 f6
16.Qh5+ g6 17.Qh6 Bd5 18.Bd3 O-O-O 19.Bxe4 Bxe4 20.f3 Bd5 21.Be7 Rd7 22.Bxf6 Rg8
23.Rd3 Kb7 24.Qe3 Qa5 25.a3 Rc8 26.Be5 b4 27.Qd2 Qd8 28.Qxb4+ Ka8 29.Qa4 a5
30.Bf6 Qc7 31.Bc3 Bc6 32.Rxd7 Bxa4 33.Rxc7 Rxc7 34.Re1  1-0

[Event "50th World Juniors"]
[Site "Chennai IND"]
[Date "2011.08.10"]
[Round "8.5"]
[White "Nabaty,T"]
[Black "Durarbeyli,V"]
[Result "0-1"]
[WhiteElo "2584"]
[BlackElo "2515"]

1.e4 c5 2.Nf3 d6 3.d4 cxd4 4.Nxd4 Nf6 5.Nc3 Nc6 6.Bg5 e6 7.Qd2 Be7 8.O-O-O O-O
9.f3 Nxd4 10.Qxd4 a6 11.h4 b5 12.Kb1 Bb7 13.Qd2 Rc8 14.Bd3 Nd7 15.Ne2 Ne5
16.Rhe1 Qc7 17.Nd4 Rfd8 18.f4 Nc4 19.Bxc4 bxc4 20.Qc3 h6 21.Bxe7 Qxe7 22.g4 Qxh4
23.Rh1 Qf2 24.Rdf1 Qg2 25.g5 hxg5 26.fxg5 Bxe4 27.Qe1 Bxc2+ 28.Nxc2 Qxg5
29.Nd4 Re8 30.Qf2 Qg6+ 31.Ka1 f5 32.Qh2 c3 33.Qxd6 cxb2+ 34.Kb1 Rcd8 35.Qf4 Qf6
36.Nf3 Qc3 37.Ne5 Rd2 38.Qa4 Rc8 39.Re1 Rc2 40.Qf4 Rc1+  0-1

[Event "20th ZMDI Open A"]
[Site "Dresden GER"]
[Date "2011.08.10"]
[Round "5.10"]
[White "Markgraf,Al"]
[Black "Gutman,L"]
[Result "1/2-1/2"]
[WhiteElo "2476"]
[BlackElo "2451"]

1.e4 c5 2.Nf3 d6 3.d4 cxd4 4.Nxd4 Nf6 5.Nc3 Nc6 6.Bg5 e6 7.Qd2 Qb6 8.Nb3 Be7
9.f3 O-O 10.O-O-O a5 11.Be3 Qc7 12.Nb5 Qb8 13.g4 e5 14.Kb1 Be6 15.Bb6 a4
16.Nc1 Bd8 17.Bf2 Be7 18.Ne2 d5 19.g5 Nh5 20.Nec3 dxe4 21.fxe4 Nf4 22.Nd5 Bxg5
23.Rg1 Bh6 24.Bc5 Rd8 25.Bd6 Rxd6 26.Nxd6 Nd4 27.Nxf4 Qxd6 28.Qg2 exf4 29.Qf2 f3
30.Rxd4 Qf4 31.Bc4 Qe3 32.Rgd1 g6 33.Qxe3 Bxe3 34.Rd8+ Rxd8 35.Rxd8+ Kg7
36.Bxe6 fxe6 37.c4 f2 38.Rd1 Bd2 39.Rf1 Be1 40.Kc2 Kf6 41.Kd3 Ke5 42.Ke3 g5
43.h4 g4 44.h5 g3 45.Kf3 Kd4 46.Kxg3 Kxe4 47.Kg2 Ke3 48.b4 axb3 49.axb3 e5
50.Rh1 Ke2 51.Rf1 e4 52.b4 e3 53.b5 Kd3 54.c5 Ba5 55.c6 bxc6 56.bxc6 Bb6
57.c7 Bxc7 58.Rxf2  1/2-1/2

[Event "Stilwerk Masters"]
[Site "Vienna AUT"]
[Date "2011.08.10"]
[Round "8"]
[White "Michielsen,J"]
[Black "Kopinits,A"]
[Result "1/2-1/2"]
[WhiteElo "2331"]
[BlackElo "2265"]

1.e4 c5 2.Nf3 d6 3.d4 cxd4 4.Nxd4 Nf6 5.Nc3 Nc6 6.Bg5 Bd7 7.Be2 Rc8 8.O-O Nxd4
9.Qxd4 Qa5 10.Be3 a6 11.f4 e6 12.Bf3 Bc6 13.e5 dxe5 14.fxe5 Bxf3 15.exf6 Bc5
16.Qf4 Bxe3+ 17.Qxe3 Bc6 18.Rae1 Rg8 19.Qg3 Qc7 20.Qg4 Qb6+ 21.Rf2 Kf8 22.Rxe6 gxf6
23.Rxc6 Rxc6 24.Qf4 Rg6 25.Nd5 Qxb2 26.Ne3 Qa1+ 27.Rf1 Qe5 28.Qb4+ Qc5 29.Qf4 Re6
30.Rf3 Qd6 31.Qc4 Re8 32.h3 Rg5 33.Qc3 Qe5 34.Qd3 Qe4 35.Qd6+ Qe7 36.Qd3 Qc5
37.Kh1 Kg8 38.Ng4 Re1+ 39.Kh2 Rxg4 40.Qd8+ Qf8 41.Qxf8+ Kxf8 42.hxg4 Re4
43.Kg3 Rc4 44.Rxf6 Rxc2 45.Rb6 Rxa2 46.Rxb7 a5 47.Ra7 a4 48.g5 a3 49.Kf3 Kg7
50.Ra6 Ra1 51.Kg3 Ra2 52.Kf3 Kf8 53.Ra7 Ke8 54.g3 Kf8 55.Kg4 Ra1 56.Kf3 a2
57.Kg2 Ke8 58.Kh2 Kd8 59.Kg2 Kc8 60.Kh2 Kb8 61.Ra5 Kb7 62.Kg2 Kb6 63.Ra8 Kc5
64.Ra6 Kd4 65.Ra7 Ke5 66.Kh2 Kd4 67.Kg2 Ke4 68.Re7+ Kd5 69.Ra7 Kc6 70.Kh2 Kb6
71.Ra8 Kb7 72.Ra5 Kc7 73.Kg2 Kd7 74.Ra8 Ke7 75.Kh2 Rc1 76.Rxa2 Rc5 77.Ra6 Kf8
78.Rh6 Kg8 79.Rh5 f6 80.Kh3 Rxg5 81.Rxg5+ fxg5 82.Kg4 h6 83.Kh5 Kh7 84.g4  1/2-1/2

[Event "FSIMB August"]
[Site "Budapest HUN"]
[Date "2011.08.11"]
[Round "6"]
[White "Frigieri,F"]
[Black "Brinck Claussen,B"]
[Result "1/2-1/2"]
[WhiteElo "2148"]
[BlackElo "2276"]

1.e4 c5 2.Nf3 d6 3.d4 cxd4 4.Nxd4 Nf6 5.Nc3 Nc6 6.Bg5 e6 7.Qd2 a6 8.O-O-O Bd7
9.f4 Be7 10.Nf3 b5 11.e5 b4 12.exf6 bxc3 13.Qxc3 gxf6 14.Bh4 a5 15.Kb1 Rb8
16.Nd4 Nb4 17.Qd2 Qb6 18.c3 Nd5 19.Bf2 Qb7 20.Nb3 Qc7 21.c4 Nb4 22.a3 Nc6
23.Nd4 Nxd4 24.Bxd4 Bc6 25.Bc3 Ra8  1/2-1/2

[Event "CECLUB Div2 Gp1"]
[Site "Padron ESP"]
[Date "2011.08.12"]
[Round "4"]
[White "Sadusea,J"]
[Black "Rivera,Dan"]
[Result "0-1"]
[WhiteElo "2132"]
[BlackElo "2327"]

1.e4 c5 2.Nf3 d6 3.d4 Nf6 4.Nc3 cxd4 5.Nxd4 Nc6 6.Bg5 e6 7.Be2 Be7 8.Qd2 O-O
9.f4 Nxd4 10.Qxd4 Qa5 11.Qd2 h6 12.Bxf6 Bxf6 13.O-O a6 14.Kh1 Rd8 15.Rad1 Bxc3
16.Qxc3 Qxc3 17.bxc3 b5 18.c4 Bb7 19.Rd4 e5 20.Rd2 b4 21.Rfd1 Re8 22.fxe5 dxe5
23.Bf3 Bc6 24.Kg1 Rac8 25.a3 bxa3 26.Ra1 a5 27.Rxa3 a4 28.Kf2 Kf8 29.Ke3 Ke7
30.Bd1 Red8 31.Rdd3 Rb8 32.Be2 Rb4 33.Rac3 Rc8 34.Rd2 Ra8 35.Ra3 Ra5 36.g3 Rb1
37.Bd3 Re1+ 38.Re2 Rxe2+ 39.Bxe2 Kd6 40.Bd3 Kc5 41.Kd2 Kd4 42.Ke2 Ra7 43.Kd2 Ra8
44.g4 Bd7 45.h3 Be6 46.c3+ Kc5 47.Bc2 Bd7 48.Bd3 g5 49.Ke3 Ra7 50.Be2 f6
51.Kd2 Be6 52.Bd1 Bxc4 53.Rxa4 Rd7+ 54.Ke1 Rxd1+  0-1

[Event "50th World Juniors"]
[Site "Chennai IND"]
[Date "2011.08.13"]
[Round "11.15"]
[White "Barbosa,Ev"]
[Black "Salem,AR"]
[Result "1/2-1/2"]
[WhiteElo "2343"]
[BlackElo "2493"]

1.e4 c5 2.Nf3 d6 3.d4 cxd4 4.Nxd4 Nf6 5.Nc3 Nc6 6.Bg5 e6 7.Qd2 a6 8.O-O-O Be7
9.f3 O-O 10.h4 Nxd4 11.Qxd4 b5 12.Qd2 Bb7 13.Bd3 Rc8 14.Kb1 Nd7 15.Bxe7 Qxe7
16.Qg5 f6 17.Qe3 Ne5 18.f4 Ng4 19.Qg3 h5 20.Rhe1 Qc7 21.f5 b4 22.Ne2 e5 23.Qf3 Rfd8
24.Ng3 Qf7 25.b3 Rc3 26.Ne2 Rc5 27.Ng3 Rc3 28.Ne2 Rc5 29.Ng3 Rc3 30.Ne2 Rc5
31.Rh1  1/2-1/2

[Event "Stare Mesto FIDE Open"]
[Site "Stare Mesto CZE"]
[Date "2011.08.13"]
[Round "2.7"]
[White "Pavelek,T"]
[Black "Zeberski,J"]
[Result "0-1"]
[WhiteElo "2004"]
[BlackElo "2382"]

1.e4 c5 2.Nf3 d6 3.d4 cxd4 4.Nxd4 Nf6 5.Nc3 Nc6 6.Bg5 Bd7 7.Be2 Qa5 8.Bxf6 gxf6
9.Nb3 Qg5 10.Qd5 Qxg2 11.O-O-O Qg5+ 12.Kb1 Be6 13.Qb5 Qxb5 14.Nxb5 O-O-O
15.f4 Bh6 16.f5 Bxb3 17.axb3 Rhg8 18.Rhg1 Be3 19.Rg3 Rxg3 20.hxg3 Rg8 21.Bh5 Ne5
22.g4 Kd7 23.c4 a6 24.Nc3 e6 25.Rh1 Ke7 26.Rh3 Bd2 27.Ne2 h6 28.Kc2 Bg5 29.Nd4 Rc8
30.Rc3 Rc5 31.Nf3 Nc6 32.Nxg5 hxg5 33.Re3 b5 34.Kc3 Ne5 35.Re1 bxc4 36.b4 Rc6
37.Ra1 d5 38.exd5 exd5 39.Kd4 Rd6 40.Ra3 Kd7 41.b3 Kc7 42.bxc4 dxc4+ 43.Kc5 Rc6+
44.Kd4 Kb6 45.Kc3 Rd6 46.Ra5 Rd3+ 47.Kc2 Nc6 48.Ra1 Nxb4+ 49.Kb2 Rb3+ 50.Kc1 Rg3
51.Kb2 Nd3+ 52.Kc2 Ne5 53.Rb1+ Kc5 54.Rb7 Kd4 55.Bxf7 Rg2+ 56.Kb1 c3 57.Bb3 Rb2+
58.Ka1 Ke3 59.Rb4 a5 60.Rb6 a4 61.Rxf6 axb3  0-1

[Event "20th ZMDI Open A"]
[Site "Dresden GER"]
[Date "2011.08.14"]
[Round "9.29"]
[White "Pfeffer,R"]
[Black "Fuchs,Fl"]
[Result "1-0"]
[WhiteElo "2255"]
[BlackElo "2088"]

1.e4 c5 2.Nf3 Nc6 3.d4 cxd4 4.Nxd4 Nf6 5.Nc3 d6 6.Bg5 e6 7.Qd2 a6 8.O-O-O Bd7
9.f3 h6 10.Be3 Qc7 11.Kb1 b5 12.Nxc6 Bxc6 13.Bd3 Be7 14.g4 b4 15.Ne2 d5 16.e5 Nd7
17.f4 d4 18.Bxd4 Bxh1 19.Rxh1 Bc5 20.f5 Bxd4 21.Nxd4 Qb7 22.Re1 Nc5 23.fxe6 Nxd3
24.exf7+ Qxf7 25.cxd3 O-O 26.Nf5 b3 27.d4 bxa2+ 28.Ka1 a5 29.e6 Qf6 30.d5 h5
31.Qd4 Qxd4 32.Nxd4 Rfe8 33.d6 Rad8 34.d7 Rxe6 35.Rxe6 Rxd7 36.Nf5 Kf7 37.Re2 Kf6
38.Kxa2 Kg5 39.Re4 g6 40.h4+ Kf6  1-0

[Event "CECLUB Div2 Gp1"]
[Site "Padron ESP"]
[Date "2011.08.14"]
[Round "6"]
[White "Suarez Real,A"]
[Black "Leiros Vila,A"]
[Result "1/2-1/2"]
[WhiteElo "2384"]
[BlackElo "2189"]

1.e4 c5 2.Nf3 Nc6 3.d4 cxd4 4.Nxd4 Nf6 5.Nc3 d6 6.Bg5 e6 7.Qd2 a6 8.O-O-O Bd7
9.f4 b5 10.Bxf6 gxf6 11.Kb1 Qb6 12.Nxc6 Bxc6 13.f5 b4 14.Ne2 e5 15.Ng3 h5
16.h4 Bh6 17.Qxd6 Rd8 18.Qxd8+ Qxd8 19.Rxd8+ Kxd8 20.Nxh5 Ke7 21.Bd3 Rg8
22.g3 a5 23.Rg1 Be3 24.Rg2 Rg4 25.Re2 Bd4 26.c3 bxc3 27.bxc3 Bc5 28.Rb2 Rg8
29.Re2 Rd8 30.Bc2 Ba3  1/2-1/2